000
00299cam a2200109ua 4500
082
_a
510.1
_b
PER/FI
100
_a
Perelman, Yakov .
_9
1770
245
_a
Figures for Fun: Stories and Conondrums /
260
_a
Moscow :
_b
Foreign Language Publishing House ,
_c
1959.
300
_a
152 ; .
942
_c
BK
999
_c
10163
_d
10163